| 000 | 01195nam a2200313 i 4500 | ||
|---|---|---|---|
| 001 | 000022256 | ||
| 003 | DO-SdBNP | ||
| 005 | 20250630101642.0 | ||
| 007 | ta | ||
| 008 | 100921t1979 dr ac 001 0bspa d | ||
| 040 |
_aDO-SdBNP _bspa _cBNPHU _erda |
||
| 041 | _aspa | ||
| 082 | 4 |
_a923.17293053 _bT866a _222 |
|
| 100 | 1 |
_aArzeno Rodríguez, Luis, _d1922- _eautor _4aut. _930661 |
|
| 245 | 1 | 0 |
_aTrujillo : _banécdotas de un dictador / _cLuis Arzeno Rodríguez. |
| 264 | 1 |
_aSanto Domingo : _bPublicaciones América, _c[1979]. |
|
| 300 |
_a169 páginas : _bilustraciones, retratos ; _c21 cm. |
||
| 336 |
_atexto _btxt _2rdacontent |
||
| 337 |
_asin mediación _bn _2rdamedia |
||
| 338 |
_avolumen _bnc _2rdacarrier |
||
| 500 | _aIncluye notas al pie de páginas. | ||
| 504 | _aBibliografía: página 172. | ||
| 590 | _aInventariado, 2024/ YL | ||
| 600 | 1 | 0 |
_aTrujillo Molina, Rafael Leónidas, _d1891-1961 _vAnécdotas, chistes y sátiras, etc. _922667 |
| 651 | 4 |
_aRepública Dominicana _xPolítica y gobierno _yEra de Trujillo, 1930-1961 _91374 |
|
| 651 | 4 |
_aRepública Dominicana _xHistoria _yEra de Trujillo, 1930-1961 _978796 |
|
| 910 | _aValidado. Control de calidad EMS. | ||
| 942 |
_2ddc _cLBS1 |
||
| 999 |
_c21754 _d21754 |
||